| 000 | 00644nam a2200145Ia 4500 | ||
|---|---|---|---|
| 008 | 100204s9999 xx 000 0 und d | ||
| 082 | _b17561 | ||
| 100 | _aबापट प्र. वा. /गोडबोले ना. वा. | ||
| 245 | _aमराठी कादंबरी तंत्र आणि विकास | ||
| 260 |
_b"व्हीनस प्रकाशन, पुणे" _c1973 |
||
| 300 | _a447 | ||
| 630 | _aमराठी कादंबरी तंत्र आणि विकास | ||
| 730 | _aमराठी कादंबरी तंत्र आणि विकास | ||
| 942 | _cBOOK | ||
| 999 |
_c461984 _d461981 |
||